Estatísticas para Países sede da Copa do Mundo FIFA

Clique aqui para jogar o quiz

Estatísticas Gerais

  • Esse quiz foi jogado 425 vezes
  • A pontuação média é 17 de 22

Estatísticas das Respostas

AnoPaís sede% Correto
1930Uruguai
95%
2014Brasil
90%
2018Russia
89%
2010África do Sul
87%
1950Brasil
85%
2022Catar
85%
2002Coréia do Sul e Japão
85%
1998França
83%
2006Alemanha
81%
1994Estados Unidos
81%
1934Itália
81%
1966Inglaterra
75%
1970México
74%
1978Argentina
73%
1958Suécia
73%
1990Itália
69%
1974Alemanha Ocidental
66%
1982Espanha
65%
1986México
65%
1962Chile
64%
1938França
64%
1954Suiça
59%

Distribuição das Pontuações

Percentil de Números Respondidos

Porcentagem de Pessoas com Cada Pontuação

Sua Pontuação Histórica

Você não jogou esse quiz